| 000 | 00731cam a22001935a 4500 | ||
|---|---|---|---|
| 001 | L155507 | ||
| 008 | 120327s1813 xxk f 000 0 eng d | ||
| 035 | _a(Sirsi) u155507 | ||
| 041 | 0 | _aeng | |
| 100 | 1 | _aLowe, Robert | |
| 245 | 0 | 0 |
_aGeneral view of the agriculture of the county of Nottingham _bwith observations on the means of its improvement drawn up for the consideration of the Board of Agriculture and Internal Improvement |
| 260 |
_aLondon _bPrinted for Sherwood, Neely, and Jones _c1813 |
||
| 300 |
_axii, 192 p., [2] leaves of plates _bmap _c23 cm. |
||
| 583 |
_aCondition reviewed _c20120620 _lcondition level 2 |
||
| 651 | 4 |
_aEngland _y886- |
|
| 690 |
_aRural _96268 |
||
| 710 | 1 | _aBoard of Agriculture | |
| 942 | _n0 | ||
| 999 |
_c113618 _d113618 |
||